000 nam a22 a 4500
999 _c4468
_d4468
003 AKMAL
005 20170530111551.0
008 170530s2002 my l 00 eng d
020 _a9678913003 (pbk.):
_cRM17.50
040 _cAKMAL
082 0 4 _a343.5950942 ROA
_221
090 0 0 _a343.5950942
_bROA
110 1 _aMalaysia
_9400
240 1 0 _aAkta Pengangkutan Jalan, 1987.
_lEnglish
245 1 0 _aRoad Transport Act 1987 (Act 333) & Commercial Vehicles Licensing Board Act 1987 (Act 334) :
_b(as at 10th October 2002) /
_ccompiled by Legal Research Board
260 _aPetaling Jaya :
_bInternational Law Book Services,
_c2002
300 0 0 _a191p. ;
_c24cm
440 0 _aLaws of Malaysia
_91830
650 0 _aAutomobiles
_xLaw and legislation
_zMalaysia
_98658
650 0 _aCommercial vehicles
_xLaw and legislation
_zMalaysia
_98656
650 0 _aTransportation, Automotive
_xLaw and legislation
_zMalaysia
_98655
710 2 _aLembaga Penyelidikan Undang-Undang
_98659
942 _2ddc
_cBOOK